| 000 | 00946nam0a22002411 4500 | ||
|---|---|---|---|
| 001 | v19\rc\1970792 | ||
| 005 | 20250619215328.0 | ||
| 035 | _a(NLR Aleph) 005052777 | ||
| 090 |
_a6912321 _c6912321 |
||
| 100 | _a20080428d1899 |||y0rusy50 ca | ||
| 101 | 0 | _arus | |
| 102 | _aRU | ||
| 105 | _ay z ||||| | ||
| 200 | 1 |
_aПолный письмовник и советы молодым людям, как держать себя в обществе, безошибочно делать выбор жениха и невесты и быть счастливым в супружеской жизни _fСост. И. К-в |
|
| 210 |
_aМосква _cЕ.А. Губанов _d1899 |
||
| 215 |
_a218, VI с. _d18 |
||
| 316 |
_aЭкземпляр РНБ (18.155.4.17): утрачен _5NLR: 18.155.4.17 |
||
| 702 | 1 |
_aК-в _bИ. _4220 |
|
| 801 | 0 |
_aRU _bNLR _gpsbo |
|
| 801 | 1 |
_aRU _bProSoft-M _2rusmarc |
|
| 852 |
_aNLR _j18.155.4.17 |
||
| 942 | _cBOOK | ||
| 980 | _aNB | ||